=LDR 00000nam 2200000 4500 =001 INLIS000000000056808 =005 20201006085923 =035 ##$$a 0010-1020000001 =007 ta =008 201006################g##########0#ind## =020 ##$$a 979-497-466-8 =082 ##$$a 306 =084 ##$$a 306 SUT z =100 #$$a Sutrisno, Muji =245 1#$$a Ziarah peradaban /$c DR. Mudji Sutrisno =260 ##$$a Yogyakarta :$b Kanisius,$c 1995 =300 ##$$a 111 hlm ; $c 20 x 13 cm. =650 #4$$a Kebudayaan dan Pemikiran =990 ##$$a 116.794/Pro-97